[Event "Belgrade Spring op"]
[Site "Belgrade"]
[Date "2012.03.26"]
[Round "3"]
[White "Jovicic, Radosav"]
[Black "Dimitrijevic, Srdjan"]
[Result "1-0"]
[WhiteElo "2188"]
[BlackElo "2306"]
[PlyCount "105"]
[EventDate "2012.03.24"]
[EventType "swiss"]
[EventRounds "9"]
[EventCountry "SRB"]
[SourceTitle "CBM 147 Extra"]
[Source "ChessBase"]
[SourceDate "2012.04.24"]
[SourceVersion "1"]
[SourceVersionDate "2012.04.24"]
[SourceQuality "1"]

1. d4 Nf6 2. Nf3 g6 3. c4 Bg7 4. Nc3 0-0 5. e4 d6 6. Be2 Nbd7 7. 0-0 e5 8. Re1 c6 9. Bf1 Re8 10. d5 c5 11. a3 h6 12. b4 Rf8 13. Nd2 Ne8 14. Nb3 b6 15. b5 a6 16. bxa6 Rxa6 17. a4 Nb8 18. Re2 f5 19. Rea2 Rf7 20. Bd2 Nf6 21. Bd3 Qf8 22. f3 h5 23. a5 bxa5 24. Nxa5 fxe4 25. Nxe4 Nxe4 26. Bxe4 Bf5 27. Qb1 Bxe4 28. Qxe4 Kh7 29. Nc6 Rxa2 30. Rxa2 Nd7 31. Ra7 Nf6 32. Rxf7 Qxf7 33. Qb1 Qd7 34. Bg5 Ng8 35. Nd8 Qf5 36. Qxf5 gxf5 37. Nb7 Kg6 38. Bd8 e4 39. Nxd6 Bd4+ 40. Kf1 exf3 41. gxf3 Nf6 42. Nb5 Be5 43. h3 Nd7 44. Ke2 Kf7 45. Ke3 Bh2 46. f4 Kg6 47. Kf3 Bg1 48. Na7 Bd4 49. Nc6 Bf6 50. Bxf6 Kxf6 51. Kg3 Nb6 52. Ne5 Nc8 53. Kh4 1-0

[Event "Belgrade Trophy 25th"]
[Site "Obrenovac"]
[Date "2011.11.30"]
[Round "7"]
[White "Menkinoski, Riste"]
[Black "Jovicic, Radosav"]
[Result "1-0"]
[WhiteElo "2349"]
[BlackElo "2197"]
[PlyCount "57"]
[EventDate "2011.11.24"]
[EventType "swiss"]
[EventRounds "9"]
[EventCountry "YUG"]
[SourceTitle "CBM 145 Extra"]
[Source "ChessBase"]
[SourceDate "2012.01.03"]
[SourceVersion "1"]
[SourceVersionDate "2012.01.03"]
[SourceQuality "1"]

1. d4 Nf6 2. Nf3 g6 3. Bf4 Bg7 4. e3 0-0 5. Be2 d6 6. 0-0 Nbd7 7. h3 Qe8 8. c4 e5 9. Bh2 Ne4 10. dxe5 dxe5 11. Qd5 Nef6 12. Qa5 c6 13. Nc3 b6 14. Qa3 e4 15. Nd4 Bb7 16. Bd6 Kh8 17. Bxf8 Bxf8 18. Qa4 Bd6 19. Rfd1 Qe5 20. g3 Nc5 21. Qc2 h5 22. h4 Rg8 23. Nb3 g5 24. Rxd6 Qxd6 25. Nxc5 Qxc5 26. Nxe4 Qf5 27. Qc3 Qxe4 28. Qxf6+ Rg7 29. Rd1 1-0